|
|
|
|
| LEADER |
00000nab a2200000ua 4500 |
| 001 |
vtls010791750 |
| 003 |
SK-MaSNL |
| 005 |
20260225191436.0 |
| 008 |
230131s1979 xo |||||||||||||||||slo| |
| 035 |
|
|
|a (urnnbn)urn:nbn:sk:snk:ar-a02s0e
|
| 035 |
|
|
|a (uuid)873636e9-5212-456e-83b7-e7d571993a42
|
| 035 |
|
|
|a urn:nbn:sk:snk-ab4n8y
|
| 040 |
|
|
|a SNKBUCL
|b slo
|c SNKBUCL
|e AACR2
|
| 041 |
0 |
|
|a slo
|
| 044 |
|
|
|a xo
|c SK
|
| 100 |
1 |
|
|a Prandová, Elena,
|d 1926-1999
|4 aut
|
| 245 |
1 |
0 |
|a K OTÁZKE JEDNOTNEJ NÁRODOPISNEJ TERMINOLÓGIE
|c Elena Prandová
|
| 773 |
0 |
|
|t Múzeum : študijný a informačný materiál
|g Roč. 24, č. 1 (1979), s. 21-23
|
| 954 |
|
|
|a odborná, vedecká literatúra pôvodná (slovenská)
|2 lita
|
| 958 |
|
|
|a OND
|
| 958 |
|
|
|a EUIPO
|
| 958 |
|
|
|a article3
|
| 999 |
|
|
|c 1908656
|d 1910586
|